Statistics for US Gymnastics By Letter

Click here to take the quiz!

General Stats

  • This quiz has been taken 41 times
  • The average score is 9 of 26

Answer Stats

HintAnswer% Correct
BThe GOATSimone Biles
100%
JKathy, Brandy and ShawnJohnson
74%
SBela told her she could do it in the '96 team finalKerri Strug
59%
P20 Year later, she repeated Mary Lou's featCarly Patterson
56%
CIowa gym that produced two superstarsChow's
54%
ROnce a world-famous training center, now a shameful reminderThe Ranch
54%
DAwesome back to back tumbling passesDominique Dawes
41%
ZTumbled three whipbacks to double tuckKim Zmeskal
41%
AWorld Championship site where Hollie and Chelsie tied on barsAnaheim
38%
GThis US-based Podcast is the best in the GalaxyGymcastic
36%
HFormerly Portuondo of CubaAnnia Hatch
31%
MShe had an Atlanta temper tantrumDominique Moceanu
31%
LCoached by his enthusiastic fatherDanell Leyva
28%
KShe made the Olympic team in 92, then she didn'tKim Kelly
28%
TMary Lou's often pigtailed teammateTracee Talavera
26%
NMr. Hollie ViseAlex Naddour
23%
OMedia really wants you to know he's from the BronxJohn Orozco
23%
XA program for recreational competitionXcel
23%
ICalifornia siblings, Allyse and GlenIshino
18%
UJunior star making a comeback in her 30sKristal Uzelac
18%
VPommel Champ in 84Peter Vidmar
13%
WDesert Devil on the 89 world's teamSandy Woolsey
13%
EUtah gymnast with no relation to the RomanianAnnabeth Eberle
10%
FStunt doubled as Nadia in the movieMarcia Frederick
10%
YPerformed to Blues for KlookTabitha Yim
8%
QMohini's Cincinnati GymQueen City
3%

Score Distribution

Percentile by Number Answered

Percent of People with Each Score

Your Score History

You have not taken this quiz